00369nam a2200109Ia 4500008004100000020001800041040002900059050002900088100001500117245007300132260005400205230222s9999||||xx |||||||||||||| ||und|| a0-658-00455-7 cChuka University Library aBSL HF 5383 bR47 2000 C aVgm Career 0aProfessional resumes series :Resumes for business management careers aVGM Career HorizonsbLincolnwood, Ill., USAc2000